Sanat: "Pieninä palasina" - Neon 2 - Statistics

Yleistilastot
  • Tätä visaa on pelattu 68 kertaa
  • Keskiarvotulos 119 / 206
Vastaustilastot
Vastaus % Oikein
on
100%
On
100%
palasina
92%
Pieni
92%
pieninä
92%
ja
77%
onni
77%
77%
se
77%
täällä
77%
sitä
69%
ei
62%
poika
62%
saa
62%
aamukahvin
54%
et
54%
häviää
54%
hetken
54%
jääneinä
54%
lautaselle
54%
mihinkään
54%
murusina
54%
pullotettuu
54%
sanoo
54%
siinä
54%
tuoksussa
54%
viipyy
54%
että
46%
hiljalleen
46%
istuu
46%
katsoo
46%
kuin
46%
kun
46%
niin
46%
oppii
46%
tuoreessa
46%
vierellä
46%
edessä
38%
joku
38%
ne
38%
selitystä
38%
tarpoo
38%
Tyttö
38%
umpihankeen
38%
välittää
38%
ymmärtäis
38%
asiat
31%
häilyvään
31%
jäällä
31%
jäänyt
31%
järven
31%
jätkään
31%
kirjoittaa
31%
mielipahastaan
31%
monimutkaisii
31%
oven
31%
pani
31%
peiliin
31%
pyytäisi
31%
sanat
31%
sanottiin
31%
siihen
31%
sille
31%
silloin
31%
tietenkään
31%
timantteja
31%
toivon
31%
vaikka
31%
ylös
31%
huulipunallaan
23%
jos
23%
kaikkialla
23%
katsot
23%
niit
23%
onnenhippui
23%
sattuu
23%
siellä
23%
sotkee
23%
sydämeen
23%
kotona
15%
maailmalla
15%
Ehtoja vastaavia visoja ei löytynyt
Tulosjakauma
Jokaisen tuloksen saaneiden osuus
Persentiili vastausten määrän mukaan
Tuloshistoriasi
Et ole pelannut tätä visaa